[Event "Taastrup Winter op 3rd"]
[Site "Taastrup"]
[Date "2018.03.08"]
[Round "9"]
[White "Petersen, Margret"]
[Black "Kristiansen, Martin Rune"]
[Result "0-1"]
[WhiteElo "1287"]
[BlackElo "1200"]
[PlyCount "58"]
[EventDate "2017.11.09"]
[EventType "swiss"]
[EventRounds "9"]
[EventCountry "DEN"]
[SourceTitle "EXT 2021"]
[Source "ChessBase"]
[SourceDate "2020.10.23"]
[SourceVersion "1"]
[SourceVersionDate "2020.10.23"]
[SourceQuality "1"]

1. e4 e5 2. Nf3 Nc6 3. Bc4 Nf6 4. Nc3 Nxe4 5. 0-0 Bc5 6. Nxe4 d5 7. Nxc5 dxc4 8. c3 Bg4 9. Nxb7 Qd3 10. Nc5 Qd5 11. Na6 0-0-0 12. Nb4 Nxb4 13. cxb4 e4 14. h3 Bxf3 15. gxf3 Qg5+ 16. Kh2 Rd3 17. Rg1 Qf4+ 18. Rg3 Rxf3 19. d3 Rxf2+ 20. Kh1 Qxg3 21. Qg4+ Qxg4 22. hxg4 cxd3 23. Kg1 Rc2 24. a4 d2 25. Bxd2 Rxd2 26. Rf1 Rhd8 27. Rxf7 Rxb2 28. b5 e3 29. Kf1 Rd1# 0-1

[Event "Taastrup Winter op 3rd"]
[Site "Taastrup"]
[Date "2018.02.22"]
[Round "8"]
[White "Petersen, Margret"]
[Black "Hansen, Anders Peter"]
[Result "0-1"]
[WhiteElo "1287"]
[BlackElo "1272"]
[PlyCount "62"]
[EventDate "2017.11.09"]
[EventType "swiss"]
[EventRounds "9"]
[EventCountry "DEN"]
[SourceTitle "EXT 2021"]
[Source "ChessBase"]
[SourceDate "2020.10.23"]
[SourceVersion "1"]
[SourceVersionDate "2020.10.23"]
[SourceQuality "1"]

1. e4 c5 2. g3 Nc6 3. Nc3 d6 4. d3 Nf6 5. Be3 g6 6. Nge2 Bg7 7. h3 a6 8. d4 cxd4 9. Nxd4 Qc7 10. f3 d5 11. g4 dxe4 12. fxe4 Ne5 13. Qd2 0-0 14. 0-0-0 Rd8 15. Be2 b5 16. Qe1 Bb7 17. Rg1 Rac8 18. Qh4 b4 19. g5 Nxe4 20. Ne6 Rxd1+ 21. Bxd1 fxe6 22. Nxe4 Nf3 23. Qg3 Nxg1 24. Qxc7 Rxc7 25. Nf2 Nf3 26. b3 Rd7 27. Bc5 Bd4 28. Nd3 Nxg5 29. Bg4 Bxc5 30. Nxc5 Rc7 31. h4 Rxc5 0-1

[Event "Taastrup Winter 2nd Nederste"]
[Site "Taastrup"]
[Date "2017.01.10"]
[Round "5"]
[White "Petersen, Margret"]
[Black "Hansen, Jorgen Holm"]
[Result "1/2-1/2"]
[WhiteElo "1360"]
[BlackElo "1300"]
[PlyCount "38"]
[EventDate "2016.11.11"]
[EventType "swiss"]
[EventRounds "9"]
[EventCountry "DEN"]
[SourceTitle "EXT 2024"]
[Source "ChessBase"]
[SourceDate "2023.10.10"]
[SourceVersion "1"]
[SourceVersionDate "2023.10.10"]
[SourceQuality "1"]

1. e4 e5 2. Nf3 Nc6 3. Nc3 Bb4 4. a3 Bxc3 5. dxc3 Nf6 6. Bg5 0-0 7. Bc4 h6 8. Bxf6 Qxf6 9. Qd3 Qd6 10. Bd5 Ne7 11. 0-0-0 Nxd5 12. exd5 Re8 13. Nd2 Qg6 14. Qxg6 fxg6 15. Ne4 d6 16. c4 Bf5 17. Nc3 Rad8 18. h3 a6 19. b4 h5 1/2-1/2

[Event "Taastrup Winter 2nd Nederste"]
[Site "Taastrup"]
[Date "2016.11.26"]
[Round "2"]
[White "Nielsen, Jan Bach"]
[Black "Petersen, Margret"]
[Result "0-1"]
[WhiteElo "1000"]
[BlackElo "1360"]
[PlyCount "50"]
[EventDate "2016.11.11"]
[EventType "swiss"]
[EventRounds "9"]
[EventCountry "DEN"]
[SourceTitle "EXT 2024"]
[Source "ChessBase"]
[SourceDate "2023.10.10"]
[SourceVersion "1"]
[SourceVersionDate "2023.10.10"]
[SourceQuality "1"]

1. e4 e5 2. c3 Nf6 3. d3 Nc6 4. Bg5 Bc5 5. Bxf6 Qxf6 6. f3 0-0 7. Qe2 Qf4 8. g3 Qc1+ 9. Qd1 Qxb2 10. Nd2 Qxc3 11. Rc1 Qd4 12. Qe2 Qd6 13. Nb3 Bb6 14. Bg2 Qb4+ 15. Nd2 Nd4 16. Qf1 f5 17. Nh3 Qe7 18. Nc4 Qb4+ 19. Nd2 Ne6 20. Rb1 Qc3 21. Qe2 Nd4 22. Qf1 Ba5 23. Rd1 Nc2+ 24. Ke2 Qd4 25. Nf2 Qe3# 0-1